000 00932nam a22003017a 4500
001 BR7303000
003 BR-BrBNA
005 20230928083943.0
007 ta
008 230509b bl.||||| |||| 00| 0 por d
040 _aBR-BrBNA
_bpor
_cBiblioteca Nacional de Agricultura
041 _a(Por)
072 _aP12; F30; H20
_b2110
_b/G514
090 _ 2110 BR7303000
100 1 _aTosello, R.N.
110 1 _aComissao Executiva do Plano de Recuperacao Economico-Rural da Lavoura Cacaueira, Ilheus, BA (Brasil)
_92138
245 1 _aRelatorio de viagem a Bahia [cacau, irrigacao, variedade, doenca, Brasil]
260 3 _aIlheus, BA (Brasil):
_c1964.
300 _a4 p.
500 _a(*) Documento disponível no(a) CEPLAC, Ilheus, BA (Brazil)
650 _aIRRIGACAO
650 _aVARIEDADE
650 _aCACAU
650 _aDOENCA DE PLANTA
650 _aBAHIA
909 _a202309
_bLucia
_c55
_dLucia Elande
942 _cBK
999 _c15991
_d15991